Cómo elaborar una tesis de grado en derecho : lineamientos metodológicos y técnicos para el estudiante o investigador del derecho /
Contiene: Elementos metodológicos preliminares; Las fuentes del conocimiento jurídico; Las técnicas para elaborar una tesis de derecho; Modelo de una investigación jurídica (tesis) dogmática; Las tesis jurídicas realistas o materialistas (empíricas).
保存先:
| 第一著者: | |
|---|---|
| フォーマット: | 図書 |
| 言語: | スペイン語 |
| 主題: | |
| タグ: |
タグなし, このレコードへの初めてのタグを付けませんか!
|
MARC
| LEADER | 00000nam^a2200000^a^4500 | ||
|---|---|---|---|
| 001 | 000156100 | ||
| 005 | 20250521000000.0 | ||
| 009 | 20260310100454.073 | ||
| 037 | |a Acervo ITESO - Biblioteca | ||
| 041 | |a ESP | ||
| 082 | |a 340. 1 |b WIT | ||
| 100 | |a Witker, Jorge |e (autor) | ||
| 245 | 1 | 0 | |a Cómo elaborar una tesis de grado en derecho : |b lineamientos metodológicos y técnicos para el estudiante o investigador del derecho / |c J. Witker. |
| 264 | |a México : |b Pac, |c fecha no identificada | ||
| 300 | |a 149 p. | ||
| 336 | |a texto |b txt |2 rdacontenido | ||
| 337 | |a sin mediación |b n |2 rdamedio | ||
| 338 | |a volumen |b nc |2 rdasoporte | ||
| 520 | |a Contiene: Elementos metodológicos preliminares; Las fuentes del conocimiento jurídico; Las técnicas para elaborar una tesis de derecho; Modelo de una investigación jurídica (tesis) dogmática; Las tesis jurídicas realistas o materialistas (empíricas). | ||
| 649 | |a XX | ||
| 650 | |a Tesis - |x Metodología | ||
| 650 | |a Titulación | ||
| 650 | |a Investigación Jurídica - |x Metodología | ||
| 650 | |a Metodología | ||
| 650 | |a Educación Superior | ||
| 650 | |a Derecho - |x Estudio y Enseñanza | ||
| 650 | |a Derecho - |x Metodología | ||
| 910 | |a Fondo General | ||
| 920 | |a Impresos - Libros | ||
| 930 | |a Colección General | ||
| 905 | |a 101 | ||
| 901 | |a 0500083560 |b IT1 |c ACC |u 20250521 | ||
| 902 | |a https://opac.biblio.iteso.mx/vufind/Record/000156100 | ||